[Rezension von: Daniela Bohde, Haut, Fleisch und Farbe]
Saved in:
| Published in: | Kunstform 3(2002), 10 |
|---|---|
| Main Author: | |
| Document Type: | Online Resource Article |
| Language: | German |
| Published: |
2002
|
| Subjects: | |
| Online Access: | kostenfrei |
| Related Items: | Enthalten in:
Kunstform Rezension von: Haut, Fleisch und Farbe Rezension von: Haut, Fleisch und Farbe |
| Author Notes: | rezensiert von Mathias Pozsgai |
| LEADER | 01750naa a2200349 c 4500 | ||
|---|---|---|---|
| 001 | 192083351X | ||
| 003 | DE-627 | ||
| 005 | 20250331090202.0 | ||
| 007 | cr uuu---uuuuu | ||
| 008 | 250331s2002 xx |||||oo 00| ||ger c | ||
| 035 | |a (DE-627)192083351X | ||
| 035 | |a (DE-599)KXP192083351X | ||
| 040 | |a DE-627 |b ger |c DE-627 |e rda | ||
| 041 | |a ger | ||
| 084 | |a KUNST |q DE-16 |2 fid | ||
| 100 | 1 | |a Pozsgai, Mathias |e VerfasserIn |4 aut | |
| 245 | 1 | 0 | |a [Rezension von: Daniela Bohde, Haut, Fleisch und Farbe] |c rezensiert von Mathias Pozsgai |
| 264 | 1 | |c 2002 | |
| 300 | |b Illustrationen | ||
| 336 | |a Text |b txt |2 rdacontent | ||
| 337 | |a Computermedien |b c |2 rdamedia | ||
| 338 | |a Online-Ressource |b cr |2 rdacarrier | ||
| 655 | 7 | |a Rezension |0 (DE-588)4049712-4 |0 (DE-627)106186019 |0 (DE-576)209083166 |2 gnd-content | |
| 773 | 0 | 8 | |i Enthalten in |t Kunstform |d München : Ludwig-Maximilians-Universität München, Institut für Kunstgeschichte, 2000 |g 3(2002), 10 |h Online-Ressource |w (DE-627)382929004 |w (DE-600)2140180-9 |w (DE-576)281244731 |x 1618-7199 |7 nnas |
| 773 | 1 | 8 | |g volume:3 |g year:2002 |g number:10 |
| 787 | 0 | 8 | |i Rezension von |a Bohde, Daniela, 1964 - |t Haut, Fleisch und Farbe |d Emsdetten [u.a.] : Ed. Imorde, 2002 |h 547 S. |w (DE-627)348870086 |w (DE-576)10036876X |z 3980564495 |
| 787 | 0 | 8 | |i Rezension von |a Bohde, Daniela, 1964 - |t Haut, Fleisch und Farbe |d Emsdetten : Ed. Imorde, 2002 |h 547 S. |w (DE-627)1479870269 |w (DE-576)409870269 |
| 856 | 4 | 0 | |u https://www.arthistoricum.net/kunstform/rezension/ausgabe/2002/10/3449 |x Verlag |z kostenfrei |3 Volltext |7 0 |
| 951 | |a AR | ||
| 994 | |u https://www.arthistoricum.net/themen/rezensionen/kunstform/rezension/ausgabe/2002/10/3449 | ||
| 991 | |a Rezension (Monographie, Zeitschrift, Aufsatz) | ||
| 999 | |a KXP-PPN192083351X |e 4949255878 | ||


